| 000 | 01413nam a2200313 a 4500 | ||
|---|---|---|---|
| 001 | 1597248 | ||
| 008 | 181016s1994 ||||||||||||||||| || u | ||
| 010 | _a94024484 | ||
| 020 | _a0444818340 | ||
| 050 | _aTK 5103.4 Ifi | ||
| 100 | _aTohme, Samir | ||
| 245 | 1 | 0 |
_aBroadband communications, II : proceedings of the IFIP TC6 Second International Conference on Broadband Communications, Paris, France, 2-4 March, 1994 _cedited by Samir Tohmé; Augusto Casaca |
| 246 | _aBroadband communications 2. | ||
| 246 | _aBroadband communications two. | ||
| 260 |
_aAmsterdam: _bElsevier _c1994 |
||
| 300 | _axiv, 412 pages : illustrations | ||
| 350 | _a147.23 | ||
| 490 | _aIFIP transactions | ||
| 490 | _vC, Communication systems, C-23 | ||
| 500 | _aIncludes bibliographical references | ||
| 650 | 0 | _aBROADBAND COMMUNICATION SYSTEMS - CONGRESSES | |
| 650 | 0 | _aCOMPUTER NETWORK ARCHITECTURES - CONGRESSES | |
| 650 | 0 | _aASYNCHRONOUS TRANSFER MODE - CONGRESSES | |
| 650 | 0 | _aINTEGRATED SERVICES DIGITAL NETWORKS - CONGRESSES | |
| 700 | _aCasaca, Augusto | ||
| 710 | _aIFIP TC6 International Conference on Broadband Communications (2nd : 1994 : Paris, France) | ||
| 856 | _uhttp://www.loc.gov/catdir/enhancements/fy0601/94024484-d.html | ||
| 995 |
_FCBU-MAIN LIBRARY (Kitwe) _I147.23 _M1 _UAVAILABLE _WOct 16, 2018 _ZMain Library Open Access Collection |
||
| 999 |
_c36172 _d36172 |
||